Statistiken für Alle Pokémon erraten (Generation 7)

Klicken Sie hier um das Quiz zu spielen!

Allgemein

  • Dieses Quiz wurde 94 mal gespielt
  • Das Durchschnittsergebnis liegt bei 63 aus 86

Antwortstatistiken

#Antwort% Korrekt
722Bauz
100%
725Flamiau
99%
727Fuegro
96%
724Silvarro
96%
792Lunala
93%
791Solgaleo
93%
726Miezunder
90%
728Robball
90%
730Primarene
87%
731Peppeck
85%
733Tukanon
85%
785Kapu-Riki
84%
787Kapu-Toro
84%
729Marikeck
84%
737Akkup
82%
738Donarion
82%
786Kapu-Fala
82%
788Kapu-Kime
82%
732Trompeck
82%
778Mimigma
81%
800Necrozma
81%
744Wuffels
81%
789Cosmog
78%
734Mangunior
78%
799Schlingking
78%
777Togedemaru
78%
793Anego
76%
763Fruyal
76%
753Imantis
76%
736Mabula
76%
795Schabelle
76%
745Wolwerock
76%
758Amfira
75%
735Manguspektor
75%
794Masskito
75%
761Frubberl
73%
784Grandiras
73%
739Krabbox
73%
783Mediras
73%
782Miniras
73%
750Pampross
73%
749Pampuli
73%
723Aboretoss
72%
773Amigento
72%
751Araqua
72%
790Cosmovum
72%
762Frubaila
72%
798Katagami
72%
746Lusardin
72%
757Molunk
72%
772Typ:Null
72%
796Voltriant
72%
752Aranestro
70%
743Bandelby
70%
797Kaguron
70%
740Krawell
70%
767Reißlaus
70%
742Wommel
70%
754Mantidea
69%
802Marshadow
69%
776Tortunator
69%
807Zeraora
69%
804Agoyon
67%
768Tectass
67%
741Choreogel
66%
805Muramura
66%
780Sen-Long
66%
803Venicro
66%
806Kopplosio
64%
765Kommandutan
61%
760Kosturso
61%
766Quartermak
61%
779Knirfish
58%
775Koalelu
58%
801Magearna
58%
769Sankabuh
58%
759Velursi
58%
771Gufa
57%
756Lamellux
57%
755Bubungus
55%
764Curelei
55%
747Garstella
55%
748Agrostella
54%
770Colossand
54%
774Meteno
52%
781Moruda
52%

Verteilung der Resultate

Perzentil nach korrekt beantworteten Fragen

Anzahl Personen mit jedem Resultat

Ihre Resultats-Entwicklung

Sie haben dieses Quiz noch nicht gespielt